• 首页
  • 本馆介绍
  • 公告通知
  • 最新文献
  • 馆藏检索
  • 电子资源
  • 读者导购
  • 参考咨询
  • 我的图书馆
  • 登录
  • 详细信息显示
  • 放入我的书架
  • 预约/预借图书
  • 作者相关作品
  • 分类相关作品
  • 丛书相关作品
  • 出版社相关作品

书目信息

  • 表格格式
  • 工作单格式
  • 卡片格式
题名:
中文连续出版物采访工作手册
    
 
作者: 富平 主编
分册:  
出版信息: 北京   北京图书馆出版社  2004
页数: 105页
开本: 26cm
丛书名: 《图书馆文献采访工作手册》系列丛书
单 册:
中图分类: G255.2
科图分类:
主题词: 中文--连续出版物--图书补充
电子资源:
ISBN: 7-5013-2429-8
000 00786nam0 2200253 45
001 060000003474
005 20051102104824.45
010    @a7-5013-2429-8@dCNY18.00
092    @aCN
100    @a20040702d2004 ekmy0chiy0120 ea
101 0  @achi
102    @aCN@b110000
102    @aCN@b110000
105    @ak az 000yy
200 1  @a中文连续出版物采访工作手册@Azhong wen lian xu chu ban wu cai fang gong zuo shou ce@f富平主编@FFu Ping Zhu Bian
210    @a北京@c北京图书馆出版社@d2004
215    @a105页@d26cm
225 2  @a《图书馆文献采访工作手册》系列丛书@f陈源蒸主编
410    @12001 @a《图书馆文献采访工作手册》系列丛书
606 0  @a中文@x连续出版物@x图书补充
690    @aG255.2@v4
701  0 @a富平@4主编
801  0 @aCN@bCXYBOOK@c20051102
905    @a10447@dG255.2@e30
    
    中文连续出版物采访工作手册/富平主编.-北京:北京图书馆出版社,2004
    105页;26cm.-(《图书馆文献采访工作手册》系列丛书/陈源蒸主编)
    
    
    ISBN 7-5013-2429-8:CNY18.00
    
●
相关链接 在E读中查询图书 在五车中查询图书 在当当中查询图书 在豆瓣中查询图书


正题名:中文连续出版物采访工作手册     索取号:G255.2/30         预约/预借

序号 登录号 条形码 馆藏地/架位号 状态 备注
1 0337053   203370538   第四借阅区/ [索取号:G255.2/30] 在馆    
2 0337054   203370547   第四借阅区/ [索取号:G255.2/30] 在馆    
3 0355025   3550259   第一样本阅览室/ [索取号:G255.2/30] 在馆    
4 0355026   3550268   第四借阅区/ [索取号:G255.2/30] 在馆    
5 0355027   3550277   第四借阅区/ [索取号:G255.2/30] 在馆    
唐山师范学院图书馆 欢迎您!
大连网信软件有限公司© 版权所有